Normal view
MARC view
Entry Personal Name
001 - CONTROL NUMBER
- control field: 25552
003 - CONTROL NUMBER IDENTIFIER
- control field: ARRUPE
005 - DATE AND TIME OF LATEST TRANSACTION
- control field: 20160830113634.0
008 - FIXED-LENGTH DATA ELEMENTS
- fixed length control field: 160830|| aca||aabn | a|a d
040 ## - CATALOGING SOURCE
- Original cataloging agency: ARRUPE
- Transcribing agency: ARRUPE
100 ## - HEADING--PERSONAL NAME
- Personal name: Simmel, Georg
670 ## - SOURCE DATA FOUND
- Source citation: Work cat.: (ARRUPE): Simmel, Georg, Conflict and the web of group-affiliations, 1955